000
00255nam a2200097Ia 4500
008
220204s9999 xx 000 0 und d
082
_a
34(035)
_b
AIR
245
0
_a
AIR Manual: Unrepealed central acts. 22 V [v 18]
260
_a
Bombay
_b
AIR
_c
1946
942
_c
BK
999
_c
21626
_d
21626